| 000 | 01505nam a2200229 i 4500 | ||
|---|---|---|---|
| 001 | 153832 | ||
| 003 | ES-MaACL | ||
| 005 | 20250809020459.0 | ||
| 008 | 940301m18201821sp |||| | spa d | ||
| 040 |
_aAS _bspa |
||
| 110 | 1 |
_aEspaña. _bCortes Generales. _93668 |
|
| 245 | 1 | 0 | _aColección de los decretos y órdenes que han expedido las cortes generales y extraordinarias... |
| 260 |
_aMadrid : _bImprenta Nacional, _c1820-1821. |
||
| 300 |
_a7 v. ; _c21 cm. |
||
| 505 | 8 | _aContiene: T. I. Desde su instalación de 24 de setiembre de 1810 hasta igual fecha de 1811 (XV, 249 p.) --T. II. Desde 24 de setiembre de 1811 hasta 24 de mayo de 1812 (XIV, 239 p.) -- T. III. Desde 24 de mayo de 1812 hasta 24 de febrero de 1813 (XVI, 236 p.) -- T. IV. Desde 24 de febrero de 1813 hasta 14 de setiembre del mismo año, comprende además el decreto expedido por las Cortes extraordinarias en 20 de dicho mes (XVIII, 286 p.) -- T. V. Desde 25 de setiembre de 1813 hasta 11 de mayo de 1814 (XIX, 212 p.) --T. VI. Desde 6 de julio hasta 9 de noviembre de 1820 (XXIV, 416 p.) -- T. VII. Desde 25 de febrero hasta 30 de junio del último año (XXII, 246 p. [i.e. 446]) | |
| 530 | _aDisponible también en sitio web. | ||
| 596 | _aEl t.IV impreso en Imprenta de Repullés. | ||
| 650 | 7 |
_aDerecho- _zEspaña _2 _9141531 |
|
| 852 |
_aES-MaACL _jR-1851-57 _z- Enc. pasta española _x Olim: Hem-382 |
||
| 856 |
_uhttp://hemerotecadigital.bne.es/issn/P0001 _zIr a la página |
||
| 999 |
_c153832 _d153832 |
||